| 000 | 01203nam a2200325 a 4500 | ||
|---|---|---|---|
| 001 | 000111018 | ||
| 003 | CHAP | ||
| 005 | 20220329144154.0 | ||
| 008 | 141125s2014 mx a |sm |||||||spa d | ||
| 010 | _a107480 | ||
| 011 | _a108452 | ||
| 040 | _cCHAP | ||
| 090 | _aTesis | ||
| 100 | 1 |
_aSandoval García, José _9128787 |
|
| 245 | 1 | 0 |
_aInfluencia de extraíbles y densidad sobre el poder calorífico en Pinus engelmannii, Pinus oocarpa y Quercus sp. _h[En línea] _cpor José Sandoval García. |
| 260 |
_aChapingo, Méx. : _bEl autor, _c2014. |
||
| 500 | _aPara ver el contenido del material haga clic en la liga | ||
| 502 | _aTesis (Ing. Forestal Industrial) -- UACH. División de Ciencias Forestales | ||
| 590 |
_aE11695DGD _b10 _c20141125 _lUCH01 _h1332 |
||
| 590 |
_aE5652GLJ _b05 _c20141125 _lUCH01 _h1125 |
||
| 590 |
_aE5652GLJ _b05 _c20141125 _lUCH01 _h1126 |
||
| 650 | 1 | 4 |
_aMadera como combustible. _969648 |
| 650 | 1 | 4 |
_aMadera _xAprovechamiento químico. _969596 |
| 650 | 1 | 4 |
_aMadera _xIdentificación. _969611 |
| 650 | 1 | 4 |
_aMadera _xPropiedades y usos. _969621 |
| 856 |
_aFinding aid _uhttp://10.13.5.2/tesis/sist111018.pdf _zTeclea aquí |
||
| 901 | _aBK | ||
| 942 | _cTESIS | ||
| 942 | _n0 | ||
| 999 |
_c107480 _d107480 |
||